书目信息 |
| 题名: |
DSP嵌入式应用系统开发典型实例
|
|
| 作者: | 季昱 , 林俊超 , 余本喜 编著 | |
| 分册: | ||
| 出版信息: | 北京 中国电力出版社 2005 |
|
| 页数: | 368页 | |
| 开本: | 26cm | |
| 丛书名: | 研发电子丛书 | |
| 单 册: | ||
| 中图分类: | TN911.72 | |
| 科图分类: | ||
| 主题词: | 数字信号--信号处理--系统设计 | |
| 电子资源: | ||
| ISBN: | 978-7-5083-3845-3 | |
| 000 | 01193oam2 2200337 45 | |
| 001 | 012003999506 | |
| 005 | 20080303092952.59 | |
| 009 | 012003999506 | |
| 010 | @a978-7-5083-3845-3@dCNY42.00 | |
| 035 | @a(110020)012005047011 | |
| 100 | @a20071130e20072005em y0chiy0110 ea | |
| 101 | 0 | @achi |
| 102 | @aCN@b110000 | |
| 105 | @ay z 000yy | |
| 106 | @ar | |
| 200 | 1 | @aDSP嵌入式应用系统开发典型实例@ADSP qian ru shi ying yong xi tong kai fa dian xing shi li@f季昱, 林俊超, 余本喜编著 |
| 210 | @a北京@c中国电力出版社@d2005@h2007重印 | |
| 215 | @a368页@d26cm@e1光盘 | |
| 225 | 2 | @a研发电子丛书@i嵌入式应用系统开发典型实例系列 |
| 300 | @a“十五”重点计算机普及出版物规划项目。 | |
| 307 | @a附光盘:ISBN 7-900181-36-9。 | |
| 330 | @a全书针对目前最通用、最流行的德州仪器TMS320C6000系列芯片,介绍了其基本原理、硬件结构和软件资源、及大量的应用系统实际开发案例等。 | |
| 462 | 0 | @12001 @a嵌入式应用系统开发典型实例系列 |
| 606 | 0 | @a数字信号@x信号处理@x系统设计 |
| 610 | 0 | @aDSP |
| 690 | @aTN911.72@v4 | |
| 701 | 0 | @a季昱@Aji yu@4编著 |
| 701 | 0 | @a林俊超@Alin jun chao@4编著 |
| 701 | 0 | @a余本喜@Ayu ben xi@4编著 |
| 801 | 0 | @aCN@b110020@c20080303 |
| 905 | @dTN911.72@e120@f4 | |
| DSP嵌入式应用系统开发典型实例/季昱, 林俊超, 余本喜编著.-北京:中国电力出版社,2005(2007重印) |
| 368页;26cm+1光盘.-(研发电子丛书.嵌入式应用系统开发典型实例系列) |
| “十五”重点计算机普及出版物规划项目。 |
| ISBN 978-7-5083-3845-3:CNY42.00 |
| 全书针对目前最通用、最流行的德州仪器TMS320C6000系列芯片,介绍了其基本原理、硬件结构和软件资源、及大量的应用系统实际开发案例等。 |
| ● |
| 相关链接 |
|
|
|
|
正题名:DSP嵌入式应用系统开发典型实例
索取号:TN911.72/120
 
预约/预借
| 序号 | 登录号 | 条形码 | 馆藏地/架位号 | 状态 | 备注 |
| 1 | 0793281 | 207932816 | 第二样本阅览室/ [索取号:TN911.72/120] | 在馆 | |
| 2 | 0793282 | 207932825 | 第三借阅区/ [索取号:TN911.72/120] | 在馆 | |
| 3 | 0793283 | 207932834 | 第三借阅区/ [索取号:TN911.72/120] | 在馆 | |
| 4 | 0793284 | 207932843 | 第三借阅区/ [索取号:TN911.72/120] | 在馆 |
本书有关联资源:
1 .光盘 /ISO :DSP嵌入式应用系统开发典型实例 /季昱, 林俊超, 余本喜编著
下载